<?xml version="1.0" encoding="UTF-8"?>
<record
    xmlns:xsi="http://www.w3.org/2001/XMLSchema-instance"
    xsi:schemaLocation="http://www.loc.gov/MARC21/slim http://www.loc.gov/standards/marcxml/schema/MARC21slim.xsd"
    xmlns="http://www.loc.gov/MARC21/slim">

  <leader>01325nam a2200325 i 4500</leader>
  <controlfield tag="003">OSt</controlfield>
  <controlfield tag="005">20260530113914.0</controlfield>
  <controlfield tag="008">260507b2011    mx a|||| |||| 00| 0 eng d</controlfield>
  <datafield tag="040" ind1=" " ind2=" ">
    <subfield code="a">ICI</subfield>
    <subfield code="b">eng</subfield>
    <subfield code="c">ICI </subfield>
  </datafield>
  <datafield tag="041" ind1=" " ind2=" ">
    <subfield code="a">eng </subfield>
  </datafield>
  <datafield tag="050" ind1=" " ind2=" ">
    <subfield code="a">F1216.3</subfield>
    <subfield code="b">.H47 2011</subfield>
  </datafield>
  <datafield tag="100" ind1=" " ind2=" ">
    <subfield code="e">autor</subfield>
  </datafield>
  <datafield tag="245" ind1=" " ind2=" ">
    <subfield code="a">The Heritage of Mexico and Its Universal Value :</subfield>
    <subfield code="b">sites inscribed in the World Heritage List.</subfield>
  </datafield>
  <datafield tag="250" ind1=" " ind2=" ">
    <subfield code="a">2011 edition.</subfield>
  </datafield>
  <datafield tag="264" ind1=" " ind2=" ">
    <subfield code="a">M&#xE9;xico :</subfield>
    <subfield code="b">Instituto Nacional de Antropolog&#xED;a e Historia ;</subfield>
  </datafield>
  <datafield tag="264" ind1=" " ind2=" ">
    <subfield code="b">Consejo Nacional para la Cultura y las Artes,</subfield>
    <subfield code="c">2011</subfield>
  </datafield>
  <datafield tag="300" ind1=" " ind2=" ">
    <subfield code="a">79 p&#xE1;ginas :</subfield>
    <subfield code="b">color illustrations, maps ;</subfield>
  </datafield>
  <datafield tag="336" ind1=" " ind2=" ">
    <subfield code="2">rdacontent</subfield>
    <subfield code="a">texto</subfield>
  </datafield>
  <datafield tag="337" ind1=" " ind2=" ">
    <subfield code="2">rdamedia</subfield>
    <subfield code="a">sin medio</subfield>
  </datafield>
  <datafield tag="338" ind1=" " ind2=" ">
    <subfield code="2">rdacarrier</subfield>
    <subfield code="a">volumen</subfield>
  </datafield>
  <datafield tag="500" ind1=" " ind2=" ">
    <subfield code="a">Publication on Mexican cultural and natural sites inscribed on the UNESCO World Heritage List. </subfield>
  </datafield>
  <datafield tag="520" ind1=" " ind2=" ">
    <subfield code="a">Comprehensive survey of the cultural and natural heritage sites of Mexico recognized by UNESCO for their outstanding universal value.</subfield>
  </datafield>
  <datafield tag="650" ind1=" " ind2=" ">
    <subfield code="a">World Heritage areas</subfield>
    <subfield code="z">Mexico.</subfield>
    <subfield code="9">33904</subfield>
  </datafield>
  <datafield tag="650" ind1=" " ind2=" ">
    <subfield code="a">Historic sites</subfield>
    <subfield code="z">Mexico.</subfield>
    <subfield code="9">33905</subfield>
  </datafield>
  <datafield tag="650" ind1=" " ind2=" ">
    <subfield code="a">Cultural property</subfield>
    <subfield code="z">Mexico.</subfield>
    <subfield code="9">33906</subfield>
  </datafield>
  <datafield tag="650" ind1=" " ind2=" ">
    <subfield code="a">Patrimonio mundial</subfield>
    <subfield code="z">M&#xE9;xico.</subfield>
    <subfield code="9">33907</subfield>
  </datafield>
  <datafield tag="650" ind1=" " ind2=" ">
    <subfield code="a">Sitios hist&#xF3;ricos</subfield>
    <subfield code="z">M&#xE9;xico.</subfield>
    <subfield code="9">33908</subfield>
  </datafield>
  <datafield tag="650" ind1=" " ind2=" ">
    <subfield code="a">Conservaci&#xF3;n del patrimonio cultural</subfield>
    <subfield code="z">M&#xE9;xico.</subfield>
    <subfield code="9">33909</subfield>
  </datafield>
  <datafield tag="942" ind1=" " ind2=" ">
    <subfield code="2">lcc</subfield>
    <subfield code="c">BK</subfield>
    <subfield code="n">1</subfield>
  </datafield>
  <datafield tag="999" ind1=" " ind2=" ">
    <subfield code="c">12239</subfield>
    <subfield code="d">12239</subfield>
  </datafield>
</record>
